[Event "Lovsprings op 06th E"]
[Site "Ringsted"]
[Date "1994.05.22"]
[Round "7"]
[White "Larsen, Jesper Dyberg"]
[Black "Rasmussen, Bent"]
[Result "1-0"]
[WhiteElo "1378"]
[BlackElo "1302"]
[PlyCount "75"]
[EventDate "1994.03.27"]
[EventType "swiss"]
[EventRounds "7"]
[EventCountry "DEN"]
[SourceTitle "EXT 2023"]
[Source "ChessBase"]
[SourceDate "2022.10.05"]
[SourceVersion "1"]
[SourceVersionDate "2022.10.05"]
[SourceQuality "1"]

1. e4 e5 2. Nf3 d6 3. Bc4 Bg4 4. c3 Nf6 5. Qb3 Nxe4 6. Qxb7 Bxf3 7. gxf3 Nxf2 8. Bb5+ Nd7 9. Kxf2 Rb8 10. Bxd7+ Kxd7 11. Qe4 g6 12. h4 Be7 13. d3 c6 14. b4 f5 15. Qe3 Rb7 16. f4 Bxh4+ 17. Kf1 Bf6 18. fxe5 dxe5 19. a3 Qc7 20. Ra2 Ke6 21. Nd2 h6 22. Rxh6 Rxh6 23. Qxh6 Qd8 24. Qe3 Rh7 25. Nf3 Rh1+ 26. Ng1 e4 27. dxe4 Qd1+ 28. Kg2 Rxg1+ 29. Qxg1 Qg4+ 30. Kf1 Qd1+ 31. Kg2 Qg4+ 32. Kh1 Qxe4+ 33. Rg2 Bxc3 34. Qf2 Kd5 35. Qc5+ Ke6 36. Qe3 Qxe3 37. Bxe3 Kf6 38. Bxa7 1-0

[Event "Lovsprings op 06th E"]
[Site "Ringsted"]
[Date "1994.05.01"]
[Round "5"]
[White "Jensen, Finn Anker"]
[Black "Larsen, Jesper Dyberg"]
[Result "0-1"]
[WhiteElo "1280"]
[BlackElo "1378"]
[PlyCount "58"]
[EventDate "1994.03.27"]
[EventType "swiss"]
[EventRounds "7"]
[EventCountry "DEN"]
[SourceTitle "EXT 2023"]
[Source "ChessBase"]
[SourceDate "2022.10.05"]
[SourceVersion "1"]
[SourceVersionDate "2022.10.05"]
[SourceQuality "1"]

1. c4 e5 2. Nc3 Nf6 3. e4 Bc5 4. Nf3 Nc6 5. Be2 d6 6. h3 Be6 7. a3 Nd4 8. Nxd4 Bxd4 9. Qc2 0-0 10. Nb5 Bb6 11. d3 a6 12. Nc3 Nd7 13. Bf3 f5 14. exf5 Bxf5 15. Be3 Bxe3 16. fxe3 Qh4+ 17. Kd2 Nc5 18. e4 Qf2+ 19. Kd1 Qxc2+ 20. Kxc2 Bg6 21. b4 Ne6 22. Nd5 Nd4+ 23. Kc3 Rf7 24. Ne3 Raf8 25. Rhf1 Nxf3 26. Nf5 Nd4 27. g4 Bxf5 28. gxf5 g6 29. Ra2 gxf5 0-1

[Event "Lovsprings op 06th E"]
[Site "Ringsted"]
[Date "1994.04.03"]
[Round "2"]
[White "Larsen, Jesper Dyberg"]
[Black "Steffensen, Ole"]
[Result "1-0"]
[WhiteElo "1378"]
[BlackElo "1300"]
[PlyCount "53"]
[EventDate "1994.03.27"]
[EventType "swiss"]
[EventRounds "7"]
[EventCountry "DEN"]
[SourceTitle "EXT 2023"]
[Source "ChessBase"]
[SourceDate "2022.10.05"]
[SourceVersion "1"]
[SourceVersionDate "2022.10.05"]
[SourceQuality "1"]

1. e4 Nc6 2. d4 d5 3. Bb5 Qd6 4. e5 Qg6 5. Nf3 a6 6. Bxc6+ Qxc6 7. 0-0 Bf5 8. c3 h6 9. Re1 e6 10. Bf4 Be7 11. Nbd2 Bd8 12. Rc1 Ne7 13. c4 Qd7 14. Nb3 b6 15. c5 0-0 16. Rc3 Rc8 17. Qc1 Nc6 18. Bxh6 gxh6 19. Qxh6 Qe7 20. Ng5 Qxg5 21. Rg3 Qxg3 22. hxg3 Nb4 23. Rc1 Be7 24. a3 Nd3 25. Rc3 Nxb2 26. g4 Bg6 27. Rh3 1-0